| 000 | 00561nam a2200205 a 4500 | ||
|---|---|---|---|
| 005 | 20210223132327.0 | ||
| 008 | 140402s2009 mx r 000 0 spa d | ||
| 020 | _a9786071101808 | ||
| 035 | _aUPN01000196807 | ||
| 049 | _aI | ||
| 050 | 4 |
_aQB501.3 _bCH5.5 |
|
| 100 | 1 |
_aChimal, Carlos, _d1954- _932584 |
|
| 245 | 1 | 0 |
_aMás allá del sol / _cCarlos Chimal. |
| 260 |
_aMéxico : _bSantillana, _c2009. |
||
| 300 |
_a39 p. : _bil. col. |
||
| 440 | 0 | _aAltea | |
| 650 | 4 |
_aSISTEMA SOLAR - _vLITERATURA INFANTIL _920202 |
|
| 905 | _aInfantil | ||
| 999 |
_c168908 _d168908 |
||